Rhetorical spaces : (Record no. 49865)

MARC details
000 -LEADER
campo de control de longitud fija 00949cam a2200301 a 4500
001 - NÚMERO DE CONTROL
campo de control 36955
005 - FECHA Y HORA DE LA ÚLTIMA TRANSACCIÓN
campo de control 20230410115903.0
008 - DATOS DE LONGITUD FIJA--INFORMACIÓN GENERAL
campo de control de longitud fija 950223s1995 nyu b 001 0 eng
035 ## - NÚMERO DE CONTROL DEL SISTEMA
Número de control de sistema 3032191
035 ## - NÚMERO DE CONTROL DEL SISTEMA
-- (DLC) 95008037
010 ## - NÚMERO DE CONTROL DE LA BIBLIOTECA DEL CONGRESO
Número de control de LC 95008037
020 ## - NÚMERO INTERNACIONAL ESTÁNDAR DEL LIBRO
Número Internacional Estándar del Libro 0415909368 (cloth)
020 ## - NÚMERO INTERNACIONAL ESTÁNDAR DEL LIBRO
Número Internacional Estándar del Libro 0415909376 (pbk.)
040 ## - FUENTE DE CATALOGACIÓN
Centro catalogador/agencia de origen DLC
Centro/agencia transcriptor DLC
Centro/agencia modificador DLC
041 ## - CÓDIGO DE IDIOMA
Código de lengua del texto/banda sonora o título independiente eng
050 14 - SIGNATURA TOPOGRÁFICA DE LA BIBLIOTECA DEL CONGRESO
Número de clasificación HQ 1190
Número de ítem C669 1995
082 00 - NÚMERO DE LA CLASIFICACIÓN DECIMAL DEWEY
Número de clasificación 305.42/01
Número de edición 20
100 1# - ENTRADA PRINCIPAL--NOMBRE DE PERSONA
Nombre de persona Code, Lorraine.
245 10 - MENCIÓN DEL TÍTULO
Título Rhetorical spaces :
Resto del título essays on gendered locations /
Mención de responsabilidad, etc. Lorraine Code.
260 ## - PUBLICACIÓN, DISTRIBUCIÓN, ETC.
Lugar de publicación, distribución, etc. New York :
Nombre del editor, distribuidor, etc. Routledge,
Fecha de publicación, distribución, etc. 1995.
300 ## - DESCRIPCIÓN FÍSICA
Extensión xvii, 258 p. ;
Dimensiones 24 cm.
504 ## - NOTA DE BIBLIOGRAFÍA, ETC.
Nota de bibliografía, etc. Includes bibliographical references (p. 235-246) and index.
650 #0 - PUNTO DE ACCESO ADICIONAL DE MATERIA--TÉRMINO DE MATERIA
Término de materia o nombre geográfico como elemento de entrada Feminist theory.
650 #0 - PUNTO DE ACCESO ADICIONAL DE MATERIA--TÉRMINO DE MATERIA
Término de materia o nombre geográfico como elemento de entrada Knowledge, Theory of.
856 42 - LOCALIZACIÓN Y ACCESO ELECTRÓNICOS
Materiales especificados Publisher description
Identificador Uniforme de Recursos <a href="http://www.loc.gov/catdir/enhancements/fy0651/95008037-d.html">http://www.loc.gov/catdir/enhancements/fy0651/95008037-d.html</a>
942 ## - ELEMENTOS DE ENTRADA SECUNDARIOS (KOHA)
Fuente del sistema de clasificación o colocación Clasificación de Library of Congress
Tipo de ítem Koha
920 ## -
-- **LC HAS REQ'D # OF SHELF COPIES**
Holdings
Estatus retirado Estado de pérdida Fuente del sistema de clasificación o colocación Estado de daño No para préstamo Colección Biblioteca de origen Biblioteca actual Ubicación en estantería Fecha de adquisición Serial enumeration / chronology Signatura topográfica completa Código de barras Visto por última vez Copia número Tipo de ítem Koha
    Clasificación de Library of Congress     Ciencias Sociales Biblioteca Juan Bosch Biblioteca Juan Bosch Ciencias Sociales (3er. Piso) 10/04/2023 3 HQ 1190 C669 1995 00000037958 24/10/2018 1